000 00649nam a2200229Ia 4500
001 9415
003 GE_BSU
008 181216s||||||||xx |||||||||||||| ||und||
040 _cGE_BSU
080 _a821.353.1–32
100 _aმიქავა,ნ.
245 _aუკვდავი სიმღერა
245 _bნოველები
245 _cრედ.რ.გვეტაძე
260 _aთბილისი
260 _bფედერაცია
260 _c1940
300 _a97გვ.16სმ.
653 _aნოველები
653 _aუკვდავი სიმღერა
942 _cBK
999 _c42709
_d42709